| 000 | 00339nam a2200133 i 4500 | ||
|---|---|---|---|
| 001 | bg | ||
| 100 | 1 | _aHORAK, Janusz. | |
| 245 | 1 | 0 |
_aSieci elektryczne. _nCz. 3, _pZagadnienia optymalizacyjne / _cJanusz Horak. |
| 260 |
_aCzęstochowa, _c1982. |
||
| 040 | _cBPK | ||
| 041 | _apol | ||
| 942 | _cKS | ||
| 008 | s pl f |000 0 pol | ||
| 999 |
_c20951 _d20951 |
||
| 856 |
_uhttp://koha.tu.koszalin.pl/cgi-bin/koha/opac-detail.pl?biblionumber=20951 _yKatalog online BPK |
||